| 000 | 00765nam a22002417a 4500 | ||
|---|---|---|---|
| 999 |
_c20736 _d20736 |
||
| 003 | AR-CdUCM | ||
| 008 | 190604b ||||| |||| 00| 0 spa d | ||
| 040 |
_aMUNICIPALIDAD PROVINCIAL DEL CUSCO _cBIBLIOTECA MUNICIPAL DEL CUSCO |
||
| 041 | _hger | ||
| 082 |
_a193 / _bS31 _22ed. |
||
| 100 |
_aScheler, Max _96895 |
||
| 245 | _aEl saber y la cultura / | ||
| 260 |
_aMadrid : _bRevista de occidente _c1934. |
||
| 300 |
_a87 páginas ; _c17 cm. |
||
| 440 |
_a9 _nNuevos hechos, nuevas ideas _943308 |
||
| 505 | _aContenido: El saber y la cultura -- Notas del Autor. | ||
| 650 |
_aCultura _9126 |
||
| 650 |
_aFilosofía _9395 |
||
| 650 |
_aAlemania _91327 |
||
| 700 |
_aTraducción: Gómez de la Serna y Favre _943309 |
||
| 942 |
_2ddc _cLIBROS |
||
| 945 | _aJavier | ||